000 00981nam a22003137a 4500
003 CHAP
005 20220329134647.0
008 971013s1978 r 00010 d
010 _a23788
011 _a24760
035 _a28859
040 _cCHAP
082 _a634
_bC6
110 _aComisión Nacional de Fruticultura. México
_925772
245 _aFruticultura mexicana
260 _aMéxico :
_bCONAFRUT,
_c1978
300 _a2 v.
505 _aContenido: v.1Información básica.- v.2 Diagnóstico
590 _aBATCH-UPD
_b10
_c20130110
_lUCH01
_h1904
590 _aBATCH-UPD
_b10
_c20130410
_lUCH01
_h1232
590 _aBATCH-UPD
_b10
_c20130914
_lUCH01
_h1447
590 _aCONVERSION
_b10
_c20130109
_lUCH01
_h1314
650 1 4 _aFruticultura
_xEstadísticas.
_943720
650 1 4 _aFruticultura
_zMéxico.
_943762
901 _aBK
942 _cLIBRO
949 _a634 C6
_bBC
_cC
_d-66651
_eC
_fv.1
_h58355
_i28859
_mD
_si
949 _a634 C6
_bBC
_cC
_d-66652
_eC
_fv.2
_i28859
_mD
_si
999 _c23788
_d23788